Welcome to the Holygrace Academy Library

Please use search bar below to get started

MORAL STORY (Record no. 8822)

MARC details
000 -LEADER
fixed length control field 00302nam a22001337a 4500
082 ## - DEWEY DECIMAL CLASSIFICATION NUMBER
Classification number 823
Item number SRI/M
100 ## - MAIN ENTRY--AUTHOR NAME
Personal name SREE RAM PUBLICATION
245 ## - TITLE STATEMENT
Title MORAL STORY
246 ## - VARYING FORM OF TITLE
Title proper/short title MORAL STORY
Remainder of title MORAL STORY
260 ## - PUBLICATION, DISTRIBUTION, ETC. (IMPRINT)
Place of publication INDIA
Name of publisher SREE RAM PUBLICATION
520 ## - SUMMARY, ETC.
Summary, etc MORAL
650 ## - SUBJECT ADDED ENTRY--TOPICAL TERM
Topical Term ENGLISH STORY
942 ## - ADDED ENTRY ELEMENTS (KOHA)
Koha item type Books
Holdings
Withdrawn status Lost status Collection code Home library Current library Date acquired Source of acquisition Cost, normal purchase price Full call number Accession Number Koha item type
  Lost Fiction Main Library Main Library 21/05/2004 PURCHASED 10.00 823 SRI/M 00638 Books